Music Quiz

Random Music or Artist Quiz

Musician By Picture II Quiz Stats

 Plays Quiz Updated Jan 22, 2018

Score 0/25 Timer 05:00
19 Plays Today
Number Artist % Correct
18Prince
87.9%
8David Bowie
74.7%
16Ice Cube
68.6%
10Buddy Holly
67.5%
1The Supremes
66.5%
6The White Stripes
65.3%
9Björk
55.7%
5Eurythmics
55.6%
17Blondie
52.9%
11Moby
51.6%
23MC Hammer
51.1%
14Marvin Gaye
46.7%
3The Rolling Stones
46.1%
Number Artist % Correct
13Chuck Berry
44.4%
22WHAM!
41.9%
25Sir Tom Jones
36.1%
19Kylie Minogue
35.1%
20Radiohead
33.9%
7The Smiths
29.5%
2Goo Goo Dolls
29.2%
24Timbaland
18.3%
4Dizzee Rascal
17.5%
21Sonic Youth
9.2%
15Aphex Twin
3.2%
12Afrika Bambaataa
2.5%

You're not logged in!

Compare scores with friends on all Sporcle quizzes.
OR
Log In

You Might Also Like...

Show Comments

Extras

Top Quizzes Today


Score Distribution

Your Account Isn't Verified!

In order to create a playlist on Sporcle, you need to verify the email address you used during registration. Go to your Sporcle Settings to finish the process.

Report this User

Report this user for behavior that violates our Community Guidelines.

Details: